000 00573nam a2200169Ia 4500
008 180921t2017 xxu||||| |||| 00| 0 sin d
041 _asin
080 _a8-31
_bරම්පා
100 _aරම්පා, ටී.ලොබ්සාං
245 _aලාමාවරයෙකු සමඟ ජීවිතය
260 _bආශිර්වාද
_aමීරිගම
_c2017
300 _aසෙ.මි.21, පි.227
700 _aකුමාර සිරිවර්ධන
_eපරි.
942 _cBK
999 _c12083
_d12083
003 LK-CoDNM
040 _aLK-CoDNM
_dLK-CoDNM
_eLK-CoDNM